[Event "VIII Dos Hermanas Internet"]
[Site "ICC INT"]
[Date "2007.03.23"]
[Round "1.1"]
[White "Leon Hoyos,M"]
[Black "Nakamura,H"]
[Result "0-1"]
[WhiteElo "2430"]
[BlackElo "2651"]

1.e4 Nf6 2.e5 Nd5 3.d4 d6 4.Nf3 Nb6 5.Be2 g6 6.O-O Bg7 7.b3 Nc6 8.Bb2 Bg4
9.Nbd2 O-O 10.h3 Bf5 11.a4 a5 12.Re1 Nb4 13.Rc1 d5 14.Nf1 f6 15.Ne3 Bc8 16.c3 Nc6
17.c4 Nb4 18.exf6 exf6 19.Qd2 Re8 20.Bf1 c6 21.Ba3 Be6 22.Bxb4 axb4 23.Qxb4 Qc7
24.a5 Nd7 25.cxd5 Bf7 26.Bc4 Bf8 27.Qd2 cxd5 28.Bxd5 Qxa5 29.Bxf7+ Kxf7 30.Qxa5 Rxa5
31.Nc4 Rxe1+ 32.Rxe1 Rb5 33.Re3 Nb8 34.Kf1 Nc6 35.Ke2 Rd5 36.Rd3 Be7 37.Ne3 Rd8
38.d5 Nb4 39.Rd4 Bc5 40.Rc4 b6 41.Nd4 Nxd5 42.Nxd5 Rxd5 43.Nc2 Re5+ 44.Ne3 b5
45.Rc3 g5 46.g4 Ke6 47.Kf3 Kd6 48.Nf5+ Kd5 49.Rd3+ Kc6 50.Rc3 Kb6 51.Rd3 Ka5
52.Rd7 Kb4 53.Rd3 Re6 54.Ne3 Bxe3 55.fxe3 Ka3 56.e4 b4 57.Ke3 h6 58.Kf3 Kb2
59.Ke3 Kc2 60.Rd8 Kxb3 61.Kd3 Kb2 62.Rb8 b3 63.Rb7 Ka2 64.Kc3 Rc6+ 65.Kd2 b2
66.Ra7+ Kb1 67.Ra4 Rd6+ 68.Kc3 Kc1  0-1

[Event "VIII Dos Hermanas Internet"]
[Site "ICC INT"]
[Date "2007.03.23"]
[Round "1.3"]
[White "Leon Hoyos,M"]
[Black "Nakamura,H"]
[Result "0-1"]
[WhiteElo "2430"]
[BlackElo "2651"]

1.e4 Nf6 2.e5 Nd5 3.d4 d6 4.Nf3 g6 5.Be2 Bg7 6.O-O O-O 7.b3 c5 8.dxc5 dxe5
9.Bb2 Nc6 10.Bc4 Ndb4 11.Nbd2 Bg4 12.a3 Bxf3 13.gxf3 Na6 14.b4 Nc7 15.Re1 a6
16.Ne4 Qc8 17.Qd2 Ne6 18.Kh1 Nf4 19.Rg1 h6 20.Rg4 Qf5 21.Rag1 Rad8 22.Qe3 Nd4
23.c3 Nc2 24.Qc1 Nd3 25.Qxc2 Qxf3+ 26.R1g2 Nf4 27.Nd2 Qc6 28.Rxf4 exf4 29.h3 Kh7
30.Be2 Rxd2 31.Qxd2 f3 32.Bxf3 Qxf3 33.h4 Qh3+ 34.Kg1 Qxh4 35.Qd7 Qe4 36.Rg3 Qb1+
37.Kg2 Qxb2 38.Qxb7 Qe2 39.Qf3 Qxf3+ 40.Rxf3 e5 41.c4 e4 42.Rb3 Bd4 43.c6 a5
44.b5 Rc8 45.a4 f5 46.Rb1 Kg7 47.Rd1 Bb6 48.Rd7+ Kf6 49.Rb7 Bc5 50.Rd7 Ke6
51.Rg7 g5 52.Rh7 Ke5 53.Rd7 Ke6 54.Rh7 f4 55.Rxh6+ Kf5 56.Rh7 e3 57.fxe3 Bxe3
58.Rd7 g4 59.Rd5+ Ke4 60.Rd7 g3 61.Re7+ Kd4 62.Kf3 Kxc4 63.Rxe3 fxe3 64.b6 Rxc6
65.b7 Rb6 66.Kxg3 Rxb7 67.Kf3 Kd4 68.Ke2 Rb2+ 69.Kf3 Ra2 70.Kf4 Rxa4 71.Kf5 Rc4
72.Ke6 a4 73.Kd6 a3 74.Ke6 a2 75.Kf5 a1=N 76.Kf4 e2 77.Kf3 e1=B 78.Ke2 Ba5
79.Kd1 Ke4 80.Ke2 Rc1 81.Kf2 Rc3 82.Ke2 Rd3 83.Kf2 Rf3+ 84.Ke2 Nb3 85.Kd1 Nd4
86.Kc1 Rf2 87.Kb1 Kd3 88.Ka1 Rb2 89.Kxb2 Bb4 90.Kc1 Bc3 91.Kd1 Nc2 92.Kc1 Ne3
93.Kb1 Bb4 94.Kc1 Kc3 95.Kb1 Kb3 96.Kc1 Ba5 97.Kb1 Bd2 98.Ka1 Nc2+ 99.Kb1 Na3+  0-1

[Event "VIII Dos Hermanas Internet"]
[Site "ICC INT"]
[Date "2007.03.23"]
[Round "2.1"]
[White "Har Zvi,R"]
[Black "Nakamura,H"]
[Result "1-0"]
[WhiteElo "2515"]
[BlackElo "2651"]

1.Nf3 Nf6 2.c4 g6 3.g3 Bg7 4.Bg2 O-O 5.O-O d5 6.cxd5 Nxd5 7.Nc3 c5 8.Ng5 Nc7
9.d3 h6 10.Nge4 Nd7 11.Be3 b6 12.Rc1 e5 13.Nd6 Rb8 14.Qa4 a6 15.Nxc8 Qxc8
16.b4 Ne6 17.Nd5 Qd8 18.Qxa6 Ra8 19.Qxa8 Qxa8 20.Ne7+ Kh7 21.Bxa8 Rxa8 22.Rc2 cxb4
23.Nd5 Nd4 24.Bxd4 exd4 25.Rb1 Bf8 26.Nxb4 Bc5 27.Nd5 Ra5 28.Kg2 Kg7 29.Ne7 Bxe7
30.Rc7 Rd5 31.a4 Bd8 32.Rb7 Nc5 33.Ra7 Re5 34.Rb5 Rxe2 35.a5 Nxd3 36.axb6 Rxf2+
37.Kg1 Rc2 38.b7 Bc7 39.Ra8 Ne5 40.Rc8 Nd7 41.Rd5 Nb8 42.Rxd4 Bb6 43.Rxc2 Bxd4+
44.Kg2 Kf6 45.Rc8 Be5 46.Kf3 Ke6 47.h4 h5 48.g4 Nd7 49.gxh5 gxh5 50.Re8+ Kf6
51.Rh8 Kg6 52.Rd8 Nb8 53.Rg8+ Kf6 54.Rg5 Nd7 55.Rxh5 Bb8 56.Rd5 Ne5+ 57.Ke4 Ke6
58.Rd8 f5+ 59.Ke3 Nd7 60.h5 f4+ 61.Kf3 Ne5+ 62.Ke4 f3 63.Rxb8 f2 64.Re8+ Kf6
65.b8=Q Nf7 66.Qf4+  1-0

[Event "VIII Dos Hermanas Internet"]
[Site "ICC INT"]
[Date "2007.03.23"]
[Round "2.2"]
[White "Nakamura,H"]
[Black "Har Zvi,R"]
[Result "1-0"]
[WhiteElo "2651"]
[BlackElo "2515"]

1.e4 c5 2.Nf3 d6 3.d4 cxd4 4.Nxd4 Nf6 5.Nc3 a6 6.Be3 e6 7.g4 h6 8.f3 b5 9.Qd2 Bb7
10.O-O-O Nbd7 11.h4 b4 12.Na4 Qa5 13.b3 Nc5 14.a3 Nxa4 15.axb4 Qc7 16.bxa4 d5
17.e5 Nd7 18.f4 Nb6 19.Rh3 Nxa4 20.c4 dxc4 21.Qc2 Nb6 22.Nxe6 fxe6 23.Bxb6 Qxb6
24.Qg6+ Ke7 25.f5 Bd5 26.Rxd5  1-0

[Event "VIII Dos Hermanas Internet"]
[Site "ICC INT"]
[Date "2007.03.24"]
[Round "3.2"]
[White "Nakamura,H"]
[Black "Abbasov,F"]
[Result "1/2-1/2"]
[WhiteElo "2651"]
[BlackElo "2444"]

1.d4 Nf6 2.c4 g6 3.Nc3 d5 4.e4 dxe4 5.Bg5 Bg7 6.Nge2 O-O 7.Ng3 h6 8.Be3 c5
9.d5 e6 10.Bxc5 Re8 11.Be2 exd5 12.cxd5 Nbd7 13.Be3 h5 14.O-O h4 15.Nh1 Nb6
16.d6 Bd7 17.Bg5 h3 18.Ng3 hxg2 19.Re1 Bc6 20.a4 Re6 21.a5 Rxd6 22.Qb3 Nbd5
23.Ncxe4 Rd7 24.Bc4 Qf8 25.Rad1 Re8 26.Bxf6 Nxf6 27.Ng5 Rxe1+ 28.Rxe1 Nh7
29.Nxf7 Rxf7 30.Ne4 Qe7 31.a6 b6 32.Bxf7+ Qxf7 33.Qxf7+ Kxf7 34.Nd6+ Kf6
35.Rc1 Bd5 36.h4 Bf8 37.Nb5 g5 38.Rc7 Be7 39.Nc3 Bf3 40.h5 g4 41.Rd7 Ng5
42.Ne2 Nh3+ 43.Kh2 Bxe2 44.Kxg2 Nf4+ 45.Kg3 Nxh5+ 46.Kh4 Nf4 47.Rxa7 Bd6
48.Rd7 Ng6+ 49.Kh5 g3+ 50.Kh6 gxf2 51.Rxd6+ Ke5 52.a7 f1=Q 53.a8=Q Qh3+ 54.Kxg6 Kxd6
55.Qd8+ Kc5 56.Qe7+ Kc6 57.Qxe2 Qg3+ 58.Kf5 Qd6 59.Qa6 Qd5+ 60.Kf6 Qd4+ 61.Ke7 Qxb2
62.Qc4+ Kb7 63.Qd5+ Ka6 64.Qa8+ Kb5 65.Qd5+ Ka4 66.Kd6 Qb5 67.Qa2+ Kb4 68.Qb2+ Ka5
69.Qa1+ Qa4 70.Qe5+ b5 71.Kc6 Qc4+ 72.Kb7 Ka4 73.Qa1+ Kb4 74.Qe1+ Qc3 75.Qb1+ Ka4
76.Qa2+ Qa3 77.Qc2+ Qb3 78.Qc6 Ka3 79.Qa6+ Qa4 80.Qf6 b4 81.Qa1+ Kb3 82.Qd1+ Ka3
83.Qa1+  1/2-1/2

[Event "VIII Dos Hermanas Internet"]
[Site "ICC INT"]
[Date "2007.03.24"]
[Round "3.3"]
[White "Abbasov,F"]
[Black "Nakamura,H"]
[Result "0-1"]
[WhiteElo "2444"]
[BlackElo "2651"]

1.d4 f5 2.g3 Nf6 3.Bg2 g6 4.Nh3 Bg7 5.Nf4 O-O 6.c3 d6 7.Qb3+ Kh8 8.Bxb7 Bxb7
9.Qxb7 Nbd7 10.Ne6 Qc8 11.Qxc8 Rfxc8 12.Na3 c5 13.dxc5 Nxc5 14.Nxg7 Kxg7
15.Nc2 Na4 16.Nd4 Rab8 17.Nb3 Nd7 18.Be3 Nxb2 19.Bxa7 Ra8 20.Be3 e5 21.O-O Nc4
22.Rfd1 Kf7 23.Bh6 Ke6 24.f4 Ndb6 25.fxe5 dxe5 26.Rd3 Na4 27.Nd2 Ncb2 28.Re3 e4
29.c4 Nxc4 30.Nxc4 Rxc4 31.Rb3 Rc2 32.Ra3 Rxe2 33.Rb1 Rc2 34.Rb4 Rd8 35.Rb1 Nc3
36.Ra6+ Kd5 37.Rb7 e3 38.Bxe3 Ke4 39.Bf2 Kf3  0-1

[Event "VIII Dos Hermanas Internet"]
[Site "ICC INT"]
[Date "2007.03.24"]
[Round "3.4"]
[White "Nakamura,H"]
[Black "Abbasov,F"]
[Result "1-0"]
[WhiteElo "2651"]
[BlackElo "2444"]

1.e4 c5 2.Nf3 Nc6 3.Nc3 Nf6 4.Bb5 e5 5.O-O d6 6.Bxc6+ bxc6 7.h3 Be7 8.d3 O-O
9.b3 h6 10.Ne2 Be6 11.Ng3 Qd7 12.Nh2 Nh7 13.f4 exf4 14.Bxf4 Bf6 15.Rb1 Bd4+
16.Kh1 Rae8 17.Qd2 f6 18.Nf3 Be5 19.Kh2 Ng5 20.Nxe5 dxe5 21.Be3 Kh8 22.Qe2 Bxh3
23.Bxg5 Bg4 24.Qe3 hxg5 25.Qxc5 Kg8 26.Kg1 Kf7 27.Qe3 Rh8 28.b4 Rh4 29.Rb3 Be6
30.Ra3 Re7 31.Ra5 Rf4 32.Ne2 Rxf1+ 33.Kxf1 Qc7 34.Qc5 Qb6 35.a3 Qxc5 36.Rxc5 Bd7
37.Ra5 Bc8 38.Rc5 Bd7 39.a4 Ke8 40.Ra5 Bc8 41.b5 Rc7 42.c4 Kd7 43.bxc6+ Kxc6
44.Nc3 a6 45.Rd5 Rb7 46.a5 Be6 47.Rd8 Rb2 48.Ra8 Kc5 49.Na4+  1-0

[Event "VIII Dos Hermanas Internet"]
[Site "ICC INT"]
[Date "2007.03.24"]
[Round "3.1"]
[White "Abbasov,F"]
[Black "Nakamura,H"]
[Result "1-0"]
[WhiteElo "2444"]
[BlackElo "2651"]

1.d4 d6 2.c4 e5 3.Nf3 e4 4.Ng5 f5 5.Nc3 Be7 6.Nh3 c6 7.g3 Nf6 8.Bg2 O-O 9.O-O Na6
10.b3 Nc7 11.Bb2 Kh8 12.d5 cxd5 13.cxd5 Nd7 14.f3 exf3 15.exf3 Bf6 16.Qd2 Ne5
17.Kh1 Bd7 18.Rad1 Qe8 19.Ne2 Qf7 20.Nef4 Rfe8 21.Ne6 Nxe6 22.dxe6 Bxe6 23.Ng5 Bxg5
24.Qxg5 Rad8 25.Bxe5 h6 26.Qxh6+ Kg8 27.Qg5 d5 28.Bd4 b6 29.Rfe1 Bc8 30.f4 Bb7
31.Re5 Rxe5 32.Bxe5 Re8 33.h3 Kh7 34.Kh2 d4 35.Bxb7 Qxb7 36.Qh5+  1-0

[Event "VIII Dos Hermanas Internet"]
[Site "ICC INT"]
[Date "2007.03.24"]
[Round "4.1"]
[White "Nakamura,H"]
[Black "Petrosian,TL"]
[Result "0-1"]
[WhiteElo "2651"]
[BlackElo "2592"]

1.d4 d5 2.c4 e6 3.Nf3 c5 4.cxd5 exd5 5.g3 Nc6 6.Bg2 Nf6 7.O-O Be7 8.Nc3 O-O
9.h3 Re8 10.b3 Ne4 11.Bb2 Bf6 12.e3 cxd4 13.exd4 Bf5 14.Kh2 Nxc3 15.Bxc3 Be4
16.Qd2 Rc8 17.Rfd1 h6 18.Ne1 Bg5 19.Qb2 h5 20.h4 Bh6 21.Bxe4 Rxe4 22.Ng2 Qf6
23.Re1 Rce8 24.Rxe4 Rxe4 25.Re1 Qf3 26.Rxe4 Qxe4 27.Ne1 g6 28.Qc2 Qxc2 29.Nxc2 Bg7
30.Kg2 Kf8 31.Kf3 Ke7 32.Ke3 Ke6 33.Kd3 Ne7 34.Bd2 Nf5 35.Be3 Nd6 36.Ne1 Kf5
37.Nc2 Bf8 38.a4 Ne4 39.Ke2 Ke6 40.Bc1 a6 41.Bf4 Kd7 42.Ne3 Kc6 43.Be5 f6
44.Bb8 Bh6 45.Ng2 b5 46.Bf4 g5 47.axb5+ Kxb5 48.Bb8 gxh4 49.gxh4 Kb4 50.Bf4 Bf8
51.f3 Nc3+ 52.Kd3 Kxb3 53.Bd2 Bb4 54.Nf4 a5 55.Bxc3 Bxc3 56.Nxd5 Be1 57.Nb6 a4
58.Nxa4 Kxa4 59.Ke4 Bxh4 60.Kf5 Bf2 61.d5 Bb6 62.Kf4 Kb5  0-1

[Event "VIII Dos Hermanas Internet"]
[Site "ICC INT"]
[Date "2007.03.24"]
[Round "4.4"]
[White "Petrosian,TL"]
[Black "Nakamura,H"]
[Result "1-0"]
[WhiteElo "2592"]
[BlackElo "2651"]

1.e4 Nf6 2.e5 Nd5 3.d4 d6 4.Nf3 g6 5.Bc4 Nb6 6.Bb3 Bg7 7.exd6 cxd6 8.O-O O-O
9.h3 d5 10.Re1 Nc6 11.c3 f6 12.a4 a5 13.Na3 Kh8 14.Bf4 Bd7 15.Nb5 Rc8 16.Qd2 Be8
17.h4 Bf7 18.Rad1 Qd7 19.Bg3 Rfe8 20.Re2 Bg8 21.Rde1 Nc4 22.Qc1 Bf7 23.Bc2 Nb6
24.b3 Nd8 25.Qd2 Nc6 26.Bd3 Nd8 27.Bb1 Nc6 28.h5 Qg4 29.h6 Bf8 30.Nc7 Red8
31.Ne6 Bxe6 32.Rxe6 Qh5 33.Bf4 Na8 34.Nh2 Nc7 35.R6e3 g5 36.Rh3 Qf7 37.Bg3 e6
38.Ng4 Bd6 39.Bxd6 Rxd6 40.Rf3 f5 41.Qxg5 Rg8 42.Qf4 Ne8 43.Ne5 Qf6 44.Rfe3 Rf8
45.g3 Ne7 46.Nd7 Rxd7 47.Rxe6 Qf7 48.Qe5+ Nf6 49.Rxe7 Rxe7 50.Qxe7 Qxe7 51.Rxe7 Ng4
52.Bxf5 Nxh6 53.Rxh7+ Kg8 54.Rxh6 Rxf5 55.Kg2 Rf7 56.Rd6 Rc7 57.Rxd5 Rxc3
58.Rb5 Rd3 59.Rxb7 Rxd4 60.Rb5 Kf7 61.Rxa5  1-0

[Event "9th Open"]
[Site "Foxwoods USA"]
[Date "2007.04.05"]
[Round "2"]
[White "Nakamura,H"]
[Black "Mulyar,M"]
[Result "1-0"]
[WhiteElo "2658"]
[BlackElo "2376"]

1.d4 d5 2.c4 c6 3.Nf3 Nf6 4.e3 e6 5.Nc3 Nbd7 6.Ne5 Bb4 7.cxd5 exd5 8.Nd3 Bd6
9.g3 O-O 10.Bg2 Qe7 11.O-O Ne4 12.f3 Nxc3 13.bxc3 f5 14.Qb3 Kh8 15.Re1 c5
16.c4 dxc4 17.Qxc4 Rb8 18.a4 a6 19.a5 b5 20.axb6 Nxb6 21.Qc2 cxd4 22.exd4 Qf6
23.f4 Bd7 24.Be3 Rbc8 25.Nc5 Bb5 26.Bf2 Nd7 27.Rac1 Bxc5 28.dxc5 Bc6 29.Bxc6 Qxc6
30.Re7 Nf6 31.Qxf5 Rcd8 32.Qe6 Qf3 33.Qe2 Qd5 34.Qxa6 Ng4 35.Qe2 Nxf2 36.Qxf2 Rf6
37.Qe3 h6 38.c6 Kh7 39.c7 Rc8 40.Qe5  1-0

[Event "9th Open"]
[Site "Foxwoods USA"]
[Date "2007.04.05"]
[Round "3"]
[White "Bercys,S"]
[Black "Nakamura,H"]
[Result "0-1"]
[WhiteElo "2438"]
[BlackElo "2658"]

1.d4 f5 2.g3 Nf6 3.Bg2 g6 4.c4 d6 5.Nf3 Bg7 6.O-O O-O 7.Nc3 Nc6 8.d5 Ne5
9.Nxe5 dxe5 10.Qb3 h6 11.c5 Kh8 12.Rd1 g5 13.Qc4 e4 14.f3 exf3 15.exf3 e5
16.dxe6 Qe7 17.f4 Bxe6 18.Qb4 a5 19.Qb5 c6 20.Qe2 Rad8 21.Rd6 Rxd6 22.cxd6 Qxd6
23.fxg5 Ng4 24.Bf4 Qc5+ 25.Kh1 Bc4 26.Qd2 Nf2+ 27.Kg1 Ng4+ 28.Kh1 hxg5 29.Bxg5 f4
30.Ne4 Qb6 31.Bxf4 Rd8 32.Qc2 Bd3 33.Qc5 Qxb2 34.Qh5+ Kg8 35.Rf1 Bxf1 36.Bxf1 Qb1  0-1

[Event "9th Open"]
[Site "Foxwoods USA"]
[Date "2007.04.06"]
[Round "4"]
[White "Nakamura,H"]
[Black "Shabalov,A"]
[Result "0-1"]
[WhiteElo "2658"]
[BlackElo "2606"]

1.d4 d5 2.c4 c6 3.Nf3 Nf6 4.e3 e6 5.Qc2 Nbd7 6.Nc3 Bd6 7.g4 h6 8.Rg1 Qe7
9.h4 dxc4 10.e4 e5 11.g5 Nh5 12.Bxc4 exd4 13.Nxd4 Nb6 14.Be2 Nf4 15.Be3 h5
16.O-O-O g6 17.Kb1 Bd7 18.Qd2 Nxe2 19.Ndxe2 Be5 20.f4 Nc4 21.Qd3 Nxe3 22.Qxe3 Bc7
23.Qd4 Rf8 24.Rge1 Bb6 25.Qc4 Qe6 26.Qxe6+ Bxe6 27.f5 Bd7 28.Nf4 Bc7 29.Nce2 Rg8
30.Nd3 b6 31.Nef4 O-O-O 32.b4 Kb7 33.a3 Bc8 34.Kc2 gxf5 35.e5 Rd4 36.Re3 Rgd8
37.Rh1 a5 38.bxa5 b5 39.Nxh5 f4 40.Ndxf4 Bf5+ 41.Kb3 c5 42.Rc1 c4+ 43.Kb2 Bxa5
44.Ne2 Rd2+  0-1

[Event "9th Open"]
[Site "Foxwoods USA"]
[Date "2007.04.06"]
[Round "5"]
[White "Hess,Ro"]
[Black "Nakamura,H"]
[Result "1/2-1/2"]
[WhiteElo "2412"]
[BlackElo "2658"]

1.e4 Nf6 2.e5 Nd5 3.d4 d6 4.c4 Nb6 5.exd6 cxd6 6.d5 N8d7 7.Be3 g6 8.Qd2 Nf6
9.Nc3 Bd7 10.Bd3 Bg7 11.Bd4 O-O 12.Nge2 e5 13.dxe6 fxe6 14.O-O e5 15.Be3 Bc6
16.Ng3 Kh8 17.Rad1 Qe8 18.c5 dxc5 19.Bxc5 Rf7 20.Nge4 Rd8 21.Nxf6 Bxf6 22.Qe2 Nd5
23.Nxd5 Rxd5 24.Bxa7 Rfd7 25.Bc2 Qa8 26.Rxd5 Bxd5 27.Be3 Qxa2 28.Qb5 Bc6
29.Qb4 Kg7 30.Be4 Bxe4 31.Qxe4 Qxb2 32.g4 Qc3 33.g5 Be7 34.Rc1 Qa5 35.Bc5 Qc7
36.Ba3 Qa5 37.Bc5 Qc7 38.Ba3 Qa5 39.Bc5  1/2-1/2

[Event "ch-USA"]
[Site "Stillwater USA"]
[Date "2007.05.16"]
[Round "2"]
[White "Nakamura,H"]
[Black "Kudrin,S"]
[Result "1/2-1/2"]
[WhiteElo "2658"]
[BlackElo "2556"]

1.c4 c5 2.Nf3 Nc6 3.Nc3 e5 4.g3 g6 5.Bg2 Bg7 6.a3 a5 7.O-O Nge7 8.d3 d6 9.Ne1 Be6
10.Nc2 d5 11.cxd5 Nxd5 12.Bd2 O-O 13.Ne3 Nxe3 14.fxe3 c4 15.Be1 Ne7 16.Bf2 Nf5
17.dxc4 Bxc4 18.Qa4 b5 19.Nxb5 Bxe2 20.Bxa8 Bxf1 21.Bh1 Bxb5 22.Qxb5 e4 23.Re1 Qd2
24.b4 axb4 25.Qxb4 Bc3 26.Qxe4 Qa2 27.Rd1 Qxa3 28.g4 Ng7 29.Qd3 Bb2 30.Qxa3  1/2-1/2

[Event "ch-USA"]
[Site "Stillwater USA"]
[Date "2007.05.18"]
[Round "4"]
[White "Nakamura,H"]
[Black "Shabalov,A"]
[Result "0-1"]
[WhiteElo "2658"]
[BlackElo "2606"]

1.e4 Nf6 2.e5 Nd5 3.c4 Nb6 4.d4 d6 5.exd6 cxd6 6.Be3 g6 7.d5 Bg7 8.Bd4 Bxd4
9.Qxd4 O-O 10.h4 e5 11.Qd2 f5 12.Nf3 Qf6 13.Nc3 Na6 14.Qh6 Qg7 15.Qd2 h6
16.Nb5 Rf6 17.Qa5 Nd7 18.Qa3 Qe7 19.Be2 e4 20.Nd2 Ne5 21.O-O-O Nc5 22.Kb1 Ncd3
23.Bxd3 Nxd3 24.Rhf1 Bd7 25.Nd4 Qe5 26.Qc3 b5 27.cxb5 Rf7 28.f3 Rc8 29.Nc4 Qxd5
30.fxe4 Qxc4 31.Qxd3 Qxd3+ 32.Rxd3 fxe4 33.Rxf7 exd3 34.Rf1 Rc4 35.Nc6 d2
36.Ne7+ Kg7 37.Rd1 Kf7 38.b3 Rc1+  0-1

[Event "ch-USA"]
[Site "Stillwater USA"]
[Date "2007.05.19"]
[Round "5"]
[White "Nakamura,H"]
[Black "Yermolinsky,A"]
[Result "1-0"]
[WhiteElo "2658"]
[BlackElo "2511"]

1.e4 e5 2.Nc3 Nf6 3.f4 d5 4.fxe5 Nxe4 5.Qf3 Nc6 6.Bb5 Nxc3 7.dxc3 Qh4+ 8.g3 Qe4+
9.Qxe4 dxe4 10.Bf4 h6 11.Ne2 g5 12.Be3 Bg7 13.Nd4 Bd7 14.e6 fxe6 15.Nxc6 a6
16.Bc4 Bxc6 17.Bxe6 Rd8 18.O-O Bd5 19.Bf5 O-O 20.a3 b6 21.g4 Rfe8 22.h3 Bc4
23.Rfd1 Rxd1+ 24.Rxd1 Be6 25.Bxe6+ Rxe6 26.a4 Kf7 27.a5 b5 28.Rd8 Be5 29.Ra8 Rc6
30.Kf1 b4 31.cxb4 Rxc2 32.b5 Bf4 33.Bg1 e3 34.bxa6  1-0

[Event "ch-USA"]
[Site "Stillwater USA"]
[Date "2007.05.20"]
[Round "6"]
[White "Ehlvest,J"]
[Black "Nakamura,H"]
[Result "1/2-1/2"]
[WhiteElo "2640"]
[BlackElo "2658"]

1.e4 c5 2.Nf3 d6 3.d4 cxd4 4.Nxd4 Nf6 5.Nc3 g6 6.Be3 Bg7 7.f3 Nc6 8.Qd2 O-O
9.O-O-O d5 10.exd5 Nxd5 11.Nxc6 bxc6 12.Bd4 e5 13.Bc5 Be6 14.Ne4 Re8 15.h4 h6
16.g4 Qc7 17.g5 h5 18.Bc4 Rad8 19.Qf2 Rd7 20.Rd3 f5 21.gxf6 Nxf6 22.Bxe6+ Rxe6
23.Rxd7 Qxd7 24.Rd1 Nxe4 25.fxe4 Bh6+ 26.Be3 Bxe3+ 27.Qxe3 Qe7 28.a4 a5 29.Qb6 Qxh4
30.Qxa5 Kh7 31.Qc7+ Kh6 32.Qc8 Qf4+ 33.Kb1 Rd6 34.Rxd6 Qf1+ 35.Ka2 Qc4+ 36.Kb1 Qf1+
37.Ka2 Qc4+ 38.Ka3 Qc5+ 39.Kb3 Qxd6 40.a5 c5 41.Qb7 Qd4 42.a6 c4+ 43.Ka2 Qc5
44.c3 Qa5+ 45.Kb1 Qd8 46.Qd5 Qc7 47.Qb7 Qd8 48.Qd5 Qc7  1/2-1/2

[Event "ch-USA"]
[Site "Stillwater USA"]
[Date "2007.05.22"]
[Round "8"]
[White "Gurevich,D"]
[Black "Nakamura,H"]
[Result "0-1"]
[WhiteElo "2518"]
[BlackElo "2658"]

1.d4 d5 2.c4 e5 3.dxe5 d4 4.Nf3 Nc6 5.g3 Nge7 6.Bg2 Ng6 7.Qa4 Bd7 8.O-O Bc5
9.Bg5 f6 10.Qb5 Bb6 11.exf6 gxf6 12.c5 Nce5 13.Qb3 Bxc5 14.Nxe5 Nxe5 15.Qxb7 Rc8
16.Qd5 Bb6 17.e3 Ng4 18.Bf4 dxe3 19.Qh5+ Kf8 20.fxe3 Qe8 21.Bh6+ Ke7 22.Qh4 Qg6
23.Bf4 Be6 24.Nc3 Rcd8 25.Kh1 Rd2 26.e4 Nf2+ 27.Rxf2 Rxf2 28.e5 Kf7 29.Rd1 Ba5
30.Be4 f5 31.Nd5 Re8 32.Be3 fxe4 33.Bxf2 Qf5 34.Qf6+ Qxf6 35.Nxf6 Rb8 36.b3 Rb5
37.Bd4 e3 38.Bxe3 Rxe5 39.Bd4 Re2 40.Nxh7 Bd5+ 41.Kg1 Rg2+ 42.Kf1 Rxh2 43.Ng5+ Kg6
44.Be3 c6 45.a3 Bc3 46.b4 Bf6 47.Rxd5 cxd5 48.Nf3 Ra2 49.Bxa7 Rxa3  0-1

[Event "ch-USA"]
[Site "Stillwater USA"]
[Date "2007.05.23"]
[Round "9"]
[White "Nakamura,H"]
[Black "Becerra Rivero,J"]
[Result "0-1"]
[WhiteElo "2658"]
[BlackElo "2544"]

1.e4 e5 2.Nf3 Nc6 3.c3 f5 4.d4 fxe4 5.Nxe5 Nf6 6.Bb5 Bd6 7.Nc4 Be7 8.Ba4 d5
9.Ne5 O-O 10.Bxc6 bxc6 11.Nxc6 Qe8 12.Nxe7+ Qxe7 13.O-O Ng4 14.h3 e3 15.Bxe3 Nxe3
16.fxe3 Bxh3 17.Rf3 Bg4 18.Rxf8+ Rxf8 19.Qe1 Rf6 20.Nd2 Rg6 21.Qg3 Qe6 22.Qf4 Bh3
23.g3 h5 24.e4 Rg4 25.Qxc7 h4 26.Kh2 hxg3+ 27.Kxh3 Rxe4+ 28.Kg2 Re2+ 29.Kxg3 Qe3+
30.Kh4 Qh6+ 31.Kg3 Qg5+ 32.Kh3 Rxd2 33.Qc8+ Kh7  0-1

[Event "35th World Open"]
[Site "King of Prussia USA"]
[Date "2007.06.04"]
[Round "9"]
[White "Nakamura,H"]
[Black "Mikhalevski,V"]
[Result "1/2-1/2"]
[WhiteElo "2658"]
[BlackElo "2590"]

1.e4 e5 2.Nf3 Nc6 3.d4 exd4 4.Nxd4 Nf6 5.Nc3 Bb4 6.Nxc6 bxc6 7.Bd3 O-O 8.O-O d5
9.exd5 cxd5 10.Bg5 c6 11.Na4 h6 12.Bh4 Be6 13.c3 Bd6 14.Bc2 Re8 15.Qd4 a5
16.Rae1 Bb8 17.b3 Ba7 18.Qd1 g5 19.Bg3  1/2-1/2

[Event "National Open"]
[Site "Las Vegas USA"]
[Date "2007.06.08"]
[Round "1"]
[White "Bryant,J"]
[Black "Nakamura,H"]
[Result "0-1"]
[WhiteElo "2167"]
[BlackElo "2658"]

1.e4 c5 2.c3 Nf6 3.e5 Nd5 4.Nf3 Nc6 5.d4 cxd4 6.cxd4 d6 7.Bc4 Nb6 8.Bb5 d5
9.h3 Bf5 10.Nc3 Rc8 11.O-O e6 12.Bg5 Be7 13.Bxe7 Qxe7 14.Nd2 O-O 15.Nb3 Nc4
16.Qe2 Nb4 17.Bxc4 dxc4 18.Nc5 Nc2 19.Rad1 Nxd4 20.Rxd4 Qxc5 21.Rfd1 b5 22.f4 b4
23.Ne4 Bxe4 24.Qxe4 Rfd8 25.Kf1 Rxd4 26.Qxd4 Qxd4 27.Rxd4 c3 28.bxc3 bxc3
29.Rd1 g5 30.fxg5 Kg7 31.Ke2 Kg6 32.Rc1 Kxg5 33.Kd3 c2 34.Kd2 Kh4  0-1

[Event "National Open"]
[Site "Las Vegas USA"]
[Date "2007.06.09"]
[Round "3"]
[White "Abramovic,B"]
[Black "Nakamura,H"]
[Result "0-1"]
[WhiteElo "2509"]
[BlackElo "2658"]

1.c4 Nf6 2.Nc3 g6 3.g3 d5 4.cxd5 Nxd5 5.Bg2 Nb6 6.h4 h6 7.d3 Bg7 8.Be3 N8d7
9.Qd2 Nf6 10.Rc1 c6 11.Nf3 Ng4 12.Bc5 O-O 13.Nh2 Nxh2 14.Rxh2 f5 15.Be3 Kh7
16.f4 h5 17.Bf3 Nd7 18.d4 Nb6 19.b3 Be6 20.Bg1 Nd5 21.Nxd5 Bxd5 22.Bxd5 Qxd5
23.Rc5 Qe6 24.Rf2 Rad8 25.Rf3 Rd6 26.Re3 Qd7 27.Rd3 Rd8 28.Rc4 Qe6 29.Kf1 Qd5
30.Qe3 Re6 31.Qf3 Re4 32.Bf2 b6 33.a4 Rd6 34.Rc2 Qe6 35.Kg2 Qd7 36.Rdc3 Rde6
37.Rc4 Qd5 38.Kf1 Qd7 39.Kg2 Rd6 40.Bg1 a6 41.Bf2 b5 42.Rc5 Bxd4 43.Bxd4 Rdxd4
44.Rxc6 Rd2 45.axb5 axb5 46.R6c5 Qd4 47.Rxd2 Qxd2 48.Re5 Rxe5 49.fxe5 Qd4
50.Qf4 Qd3 51.Kf2 Qxb3 52.Qd4 Qc4 53.Qa7 Qb4 54.Qb6 f4  0-1

[Event "National Open"]
[Site "Las Vegas USA"]
[Date "2007.06.09"]
[Round "4"]
[White "Nakamura,H"]
[Black "Sevillano,E"]
[Result "1/2-1/2"]
[WhiteElo "2658"]
[BlackElo "2493"]

1.e4 e6 2.d4 d5 3.Nd2 Nf6 4.e5 Nfd7 5.c3 c5 6.f4 Nc6 7.Ndf3 cxd4 8.cxd4 Bb4+
9.Bd2 Qb6 10.Bxb4 Qxb4+ 11.Qd2 Nb6 12.Qxb4 Nxb4 13.Kd2 Bd7 14.a3 Nc6 15.b3 Rc8
16.Bd3 Na5 17.Rb1 Ke7 18.Ne2 a6 19.a4 g6 20.h3 Nc6 21.Rbf1 Nb4 22.Bb1 Na8
23.g4 b5 24.axb5 Bxb5 25.f5 Bxe2 26.Kxe2 Nc7 27.Ng5 gxf5 28.gxf5 h6 29.fxe6 hxg5
30.Rxf7+ Kxe6 31.Rhf1 Ne8 32.Rb7 Nc2 33.Rb6+ Ke7 34.Rb7+  1/2-1/2

[Event "National Open"]
[Site "Las Vegas USA"]
[Date "2007.06.10"]
[Round "5"]
[White "Khachiyan,M"]
[Black "Nakamura,H"]
[Result "0-1"]
[WhiteElo "2475"]
[BlackElo "2658"]

1.e4 c5 2.Nf3 a6 3.Nc3 d6 4.d4 cxd4 5.Nxd4 Nf6 6.Be2 e5 7.Nb3 Be7 8.O-O O-O
9.Be3 Bd7 10.a4 Bc6 11.Nd5 Nbd7 12.f3 Bxd5 13.exd5 Nh5 14.Qd2 g6 15.Rfc1 Ng7
16.Bd3 a5 17.Qe1 b6 18.Nd2 Nf6 19.c4 Nd7 20.Bc2 Bh4 21.g3 Bg5 22.Bxg5 Qxg5
23.b4 axb4 24.Ne4 Qe7 25.Qxb4 Nf5 26.a5 bxa5 27.Qb7 Rfd8 28.Ba4 Rab8 29.Qa7 Kf8
30.Bxd7 Qxd7 31.Qxd7 Rxd7 32.c5 dxc5 33.Rxc5 Nd4 34.Rcxa5 Nxf3+ 35.Kg2 Nd4
36.Nf6 Rdb7 37.Rf1 Kg7 38.Ng4 e4 39.Ra4 Nf3 40.Rxf3 exf3+ 41.Kxf3 Rb3+ 42.Ne3 Re8
43.Re4 Kf8 44.h4 h5 45.Kf4 Rxe4+ 46.Kxe4 Ke7 47.Kd4 Rb1 48.Ke5 Re1 49.Kf4 Kd6
50.Ke4 f6 51.Kf4 Ra1 52.Ke4 Ra4+ 53.Kd3 Kc5  0-1

[Event "US Open"]
[Site "Cherry Hill USA"]
[Date "2007.08.02"]
[Round "6"]
[White "Simutowe,A"]
[Black "Nakamura,H"]
[Result "1-0"]
[WhiteElo "2421"]
[BlackElo "2647"]

1.d4 f5 2.Nf3 Nf6 3.c4 d6 4.g3 g6 5.Bg2 Bg7 6.O-O O-O 7.Nc3 Nc6 8.d5 Ne5
9.Nxe5 dxe5 10.e4 f4 11.gxf4 exf4 12.Bxf4 Nxe4 13.Qc1 e5 14.Be3 Nd6 15.Bg5 Qe8
16.Nb5 Rf7 17.Nxd6 cxd6 18.c5 dxc5 19.Qxc5 b6 20.Qc4 Bb7 21.Bh3 Kh8 22.Be6 Rf5
23.Qh4 Qb5 24.a4 Qxb2 25.Rac1 Qb3 26.Rc7 Bxd5 27.Rxg7 Rxg5+ 28.Qxg5 Bxe6
29.Qf6  1-0

[Event "US Open"]
[Site "Cherry Hill USA"]
[Date "2007.08.03"]
[Round "7"]
[White "Nakamura,H"]
[Black "Molner,M"]
[Result "1-0"]
[WhiteElo "2647"]
[BlackElo "2293"]

1.e4 d6 2.d4 Nf6 3.Nc3 g6 4.Bg5 Bg7 5.Qd2 c6 6.f4 b5 7.Bd3 O-O 8.Nf3 Bg4
9.O-O-O Nbd7 10.h3 Bxf3 11.gxf3 b4 12.Ne2 Qa5 13.Kb1 Rab8 14.Nc1 c5 15.e5 Nd5
16.Nb3 Nc3+ 17.Qxc3 bxc3 18.Nxa5 Rxb2+ 19.Ka1 f6 20.exf6 exf6 21.Bh4 d5 22.dxc5 Nxc5
23.Bf2 Nxd3 24.Rxd3 Rxc2 25.Bd4 Rc8 26.Nb3 Bf8 27.Rc1 Rxc1+ 28.Nxc1 Ba3 29.Ne2  1-0

[Event "US Open"]
[Site "Cherry Hill USA"]
[Date "2007.08.04"]
[Round "8"]
[White "Finegold,B"]
[Black "Nakamura,H"]
[Result "1/2-1/2"]
[WhiteElo "2543"]
[BlackElo "2647"]

1.d4 Nf6 2.c4 g6 3.Nc3 Bg7 4.e4 d6 5.Be2 O-O 6.Nf3 Nbd7 7.O-O e5 8.Re1 c6
9.Bf1 a5 10.Rb1 Re8 11.d5 Nc5 12.b3 Bd7 13.a3 a4 14.b4 Nb3 15.dxc6 bxc6 16.Qxd6 Nd4
17.Nxe5 Nxe4 18.Rxe4 Bf5 19.Rxd4 Qxd6 20.Rxd6 Bxe5 21.Rxc6 Bxc3 22.Bb2 Bxb1
23.Bxc3 Rad8 24.f3 Rd1 25.Kf2 Bd3 26.Bxd3 Rxd3 27.Bf6 Rxa3 28.Ra6 Ra2+ 29.Kg3 Rc2
30.c5 Rc4 31.Rxa4 Rc8 32.Be7 Rb8 33.Bd6 Rcxb4 34.Ra6 Rc8 35.c6 Rb5 36.h4 f6
37.c7 Kf7 38.Kh3 Rb3 39.Rc6 h5 40.Bf4 Rb7  1/2-1/2